000
00272nam a2200097Ia 4500
008
220204s9999 xx 000 0 und d
082
_a
929(540)
_b
EMI
245
0
_a
Eminent Indians who was who 1900-1980:Also annual diary of events
260
_a
Delhi
_b
Durga Das
942
_c
BK
999
_c
39049
_d
39049